000
00291nam a22001337a 4500
008
170913b xxu||||| |||| 00| 0 eng d
020
_a
067149659
041
_a
eng
080
_a
53
100
_a
53
101
_a
FIZ
245
_a
THE PARTICLE CONNECTION
_c
SUTTON.CH
942
_2
udc
_c
BK
999
_c
27445
_d
27445